01315nab a22002417a 4500999001500000003000400015005001700019008004100036040000700077100003200084245015700116260007300273300001600346500002600362505031900388505008200707650002300789650002500812650003200837650003400869773015700903942001301060 c5279d5279OSt20250213101847.0190429b xxu||||| |||| 00| 0 spa d cPJ 95990aGalera, Noelia Melina10aCuando "Nadie menos" responde a "Ni una menos" :bun estudio sobre la falacia de la distracción intencional en el discurso social /cNoelia M. Galera. cCiudad Autónoma de Buenos Aires :aThomson Reuters La Ley, b2025. ap. 246-253. aCita: AR/DOC/66/2025. aSumario: I. Introducción.— II. Decir es hacer: teorías de Austin y Wittgenstein sobre los actos de habla.— III. El grito de "Ni una menos": génesis de un movimiento social.— IV. Falsa universalidad: el desvío de la atención en la respuesta "Nadie menos".— V. Conclusión.— VI. Bibliografía.  tSi te interesa el texto completo, solicitalo a koha@justierradelfuego.gov.ar  09343aDERECHO PENAL 092486aCRIMINOLOGÍA 093053aVIOLENCIA DE GÉNERO 094044aPERSPECTIVA DE GÉNERO0 0265893164tRevista de derecho penal y criminología. Nº 1 - Febrero 2025dCiudad Autónoma de Buenos Aires : Thomson Reuters La Ley, 2017-x00347914 2udccANA